000 01137nam a22003737a 4500
003 OSt
005 20260506074801.0
007 ta
008 260506s2025 ag ||||| |||| 00| 0 spa d
020 _a9786316518569
040 _ccj catamarca
082 _a342.56 G613
100 1 0 _9329
_aGoggi, Carlos
_eet al
245 1 0 _aJuzgamiento con perspectiva de genero en materia indemnizatoria:
_banalisis de datos censales 2021-2023
250 _a1º ed.
260 _aCABA:
_bEditores del Sur,
_c2025
300 _a242 p.
_c23 cm
500 _aINVENTARIO Nº 8174
650 7 _2SAIJ
653 _aPERSPECTIVA-GENERO
653 _aIGUALDAD-LEY
653 _aDESIGUALDAD ESTRUCTURAL
653 _aPERSPECTIVA DE GENERO-SESGOS
653 _aPERSPECTIVA DE GENERO-DERECHO PRIVADO
653 _aMUJERES-DERECHOS
653 _aDAÑO RESARCIBLE
653 _aECONOMIA-GENERO
653 _aTAREAS DE CUIDADO
653 _aACCIONES POSITIVAS
653 _aGENERO-ESTEREOTIPO
653 _aLEYES-NEUTRALIDAD
856 _uhttps://drive.google.com/file/d/1DD9rMhry0QlmPkVdKdbek2UsuKH9pf7O/view?usp=sharing
942 _2ddc
_cBK
_n0
999 _c6543
_d6543